Biblioteca ESET

Historia y Ficción (Registro nro. 200)

Detalles MARC
000 -CABECERA
fixed length control field 00582nam a22002057a 4500
003 - CONTROL NUMBER IDENTIFIER
control field AR-BeUNQ
005 - FECHA Y HORA DE LA ULTIMA TRANSACCION
control field 20220225124549.0
008 - ELEMENTOS DE LONGITUD FIJA-INFORMACION GENERAL
fixed length control field 181127b xxu||||| |||| 00| 0 spa d
020 ## - NUMERO INTERNACIONAL NORMALIZADO PARA LIBROS
Número Internacional Normalizado del libro 9789500010016
040 ## - FUENTE DE CATALOGACION
Agencia de catalogación original AR-BeUNQ
Idioma de catalogación ESPAÑOL
Convenciones de la descripción aacr
082 ## - NUMERO DE CLASIFICACION DECIMAL DEWEYMBER
Número de clasificación 863
Número de la edición 21
245 ## - MENCION DE TITULO
Título Historia y Ficción
Mención de responsabilidad, etc Maria Rosa lojo
250 ## - MENCION DE EDICION
Mención de edición 1a. ed.
260 ## - PUBLICACION, DISTRIBUCION, ETC.
Lugar de publicación, distribución, etc. Buenos Aires :
Nombre del editor, distribuidor, etc. Ministerio de Educación de la Nación,
Fecha de publicación, distribución, etc 2013
300 ## - DESCRIPCION FISICA
Extensión 136 p. ;
Otros detalles físicos il. ;
Dimensiones 25 cm.
490 ## - MENCION DE SERIE
Mención de serie Coleccion Narrativas.
700 ## - ASIENTO SECUNDARIO - NOMBRE DE PERSONA
Personal name Lojo, Maria Rosa
Relator term recopiladora
929 ## - DATOS DE ADQUISICION
Procedencia DONACION
Precio 0
Número de inventario 57407
942 ## - ELEMENTOS DE PUNTO DE ACCESO ADICIONAL (KOHA)
Tipo de ítem Koha Libros
Suppress in OPAC 0
Existencias
Estado de retiro Estado de pérdida Ubicación permanente Ubicación actual Ubicación en estantería Fecha de ingreso Total Checkouts Signatura topográfica completa Inventario Date last seen Tipo de ítem Koha Operador
    Biblioteca ESET - UNQ Biblioteca ESET - UNQ SALA 27/11/2018   863 57407 27/11/2018 Libros Gladys Alarcon
    Biblioteca ESET - UNQ Biblioteca ESET - UNQ SALA 27/11/2018   863 57408 27/11/2018 Libros Gladys Alarcon
    Biblioteca ESET - UNQ Biblioteca ESET - UNQ SALA 27/11/2018   863 57409 27/11/2018 Libros Gladys Alarcon
    Biblioteca ESET - UNQ Biblioteca ESET - UNQ SALA 27/11/2018   863 57410 27/11/2018 Libros Gladys Alarcon
    Biblioteca ESET - UNQ Biblioteca ESET - UNQ SALA 27/11/2018   863 57411 27/11/2018 Libros Gladys Alarcon
    Biblioteca ESET - UNQ Biblioteca ESET - UNQ SALA 27/11/2018   863 57412 27/11/2018 Libros Gladys Alarcon
    Biblioteca ESET - UNQ Biblioteca ESET - UNQ SALA 27/11/2018   863 57413 27/11/2018 Libros Gladys Alarcon
    Biblioteca ESET - UNQ Biblioteca ESET - UNQ SALA 27/11/2018   863 57414 27/11/2018 Libros Gladys Alarcon
    Biblioteca ESET - UNQ Biblioteca ESET - UNQ SALA 27/11/2018   863 57415 27/11/2018 Libros Gladys Alarcon

ESET UNQ

☏ 4365-7188
 Avenida República de Francia 1714 entre Doctor Kenny y Concordia, Ezpeleta, Bs As.
✉ secretaria_eset@unq.edu.ar

Con tecnología Koha